00389nam a2200145Ia 450000500170000000800410001702000150005808200210007324500400009426000380013430000180017265000130019065000200020370000200022320250120045448.0240331s9999 xx 000 0 und d a0415014905 bBRE23605a305.4 0aBetween Feminism and Psychoanalysis aLondonaNew YorkbRoutledgec1989 aviii, 271 p., aFeminism aPsychoanalysis  aBrennan, Teedt